[Event "Oberliga Nord N 1516"]
[Site "Germany"]
[Date "2016.04.10"]
[Round "9.6"]
[White "Borgmeyer, Max"]
[Black "Fischer, Martin"]
[Result "1-0"]
[WhiteElo "2165"]
[BlackElo "2125"]
[PlyCount "71"]
[EventDate "2015.09.20"]
[EventType "team-tourn"]
[EventRounds "9"]
[EventCountry "GER"]
[SourceTitle "EXT 2017"]
[Source "ChessBase"]
[SourceDate "2016.10.25"]
[SourceVersion "1"]
[SourceVersionDate "2016.10.25"]
[SourceQuality "1"]
[WhiteTeam "Hamburg Koenigsspringer"]
[BlackTeam "Eppendorf Johanneum"]
[WhiteTeamCountry "GER"]
[BlackTeamCountry "GER"]

1. e4 e5 2. Nf3 Nc6 3. d4 exd4 4. Nxd4 Nf6 5. Nxc6 bxc6 6. e5 Qe7 7. Qe2 Nd5 8. c4 Nb6 9. Nc3 Ba6 10. Qe4 Qe6 11. b3 0-0-0 12. Bd2 Re8 13. f4 f6 14. c5 Bxf1 15. cxb6 Ba6 16. bxa7 Kb7 17. 0-0-0 fxe5 18. f5 Qd6 19. Be3 Qb4 20. Qxb4+ Bxb4 21. Ne4 d6 22. Ng5 Be2 23. Rdg1 Bd3 24. g4 d5 25. h4 d4 26. Bf2 c5 27. Ne6 e4 28. Nxg7 e3 29. Be1 Ba3+ 30. Kd1 Re5 31. Ne6 Bb1 32. Bg3 Rxe6 33. fxe6 Bxa2 34. Kc2 c4 35. bxc4 Bxc4 36. Ra1 1-0

[Event "Oberliga Nord N 1516"]
[Site "Germany"]
[Date "2015.09.20"]
[Round "1.7"]
[White "Reuber, Artur"]
[Black "Fischer, Martin"]
[Result "1-0"]
[WhiteElo "2182"]
[BlackElo "2125"]
[PlyCount "59"]
[EventDate "2015.09.20"]
[EventType "team-tourn"]
[EventRounds "9"]
[EventCountry "GER"]
[SourceTitle "CBM 170 Extra"]
[Source "ChessBase"]
[SourceDate "2016.02.25"]
[SourceVersion "1"]
[SourceVersionDate "2016.02.25"]
[SourceQuality "1"]
[WhiteTeam "St Pauli"]
[BlackTeam "Eppendorf Johanneum"]
[WhiteTeamCountry "GER"]
[BlackTeamCountry "GER"]

1. c4 Nf6 2. g3 c6 3. Bg2 d5 4. Qc2 g6 5. Nf3 Bg7 6. 0-0 0-0 7. d3 Bf5 8. Re1 Qc8 9. e4 dxe4 10. dxe4 Bh3 11. e5 Bxg2 12. Kxg2 Ne8 13. Nc3 Nc7 14. Qe4 Nd7 15. Qh4 Re8 16. Ne4 Ne6 17. Neg5 Ndf8 18. Ne4 Qd7 19. Bh6 Rad8 20. Neg5 Bxh6 21. Qxh6 Ng7 22. e6 fxe6 23. Nf7 Rc8 24. N3e5 Qc7 25. Qf4 Nf5 26. g4 Nd6 27. Nh6+ Kg7 28. c5 Nb5 29. Qf7+ Kxh6 30. h4 1-0

[Event "Oberliga Nord N 1415"]
[Site "Germany"]
[Date "2014.12.07"]
[Round "4.4"]
[White "Fischer, Martin"]
[Black "Jahncke, Giso"]
[Result "0-1"]
[WhiteElo "2175"]
[BlackElo "2270"]
[PlyCount "75"]
[EventDate "2014.09.21"]
[EventType "team-tourn"]
[EventRounds "9"]
[EventCountry "GER"]
[SourceTitle "EXT 2016"]
[Source "ChessBase"]
[SourceDate "2015.10.08"]
[SourceVersion "1"]
[SourceVersionDate "2015.10.08"]
[SourceQuality "1"]
[WhiteTeam "Eppendorf Johanneum"]
[BlackTeam "Preetz"]
[WhiteTeamCountry "GER"]
[BlackTeamCountry "GER"]

1. e4 c5 2. Nf3 e6 3. d4 cxd4 4. Nxd4 Nf6 5. Nc3 Nc6 6. Be2 Bb4 7. 0-0 0-0 8. Bg5 h6 9. Bh4 g5 10. Nxc6 dxc6 11. Qxd8 Rxd8 12. e5 Bxc3 13. bxc3 Ne4 14. Bg3 Nxc3 15. Bh5 Bd7 16. f4 Be8 17. fxg5 hxg5 18. h4 f5 19. Bxe8 Ne2+ 20. Kh2 Nxg3 21. Kxg3 gxh4+ 22. Kxh4 Rd4+ 23. Kg5 Rxe8 24. Rad1 Rg4+ 25. Kf6 Rg7 26. Rd2 Rf8+ 27. Kxe6 Re8+ 28. Kf6 Rf7+ 29. Kg5 Rxe5 30. Rf4 Kg7 31. Rdf2 Rf6 32. Rd2 Rg6+ 33. Kh5 Rg3 34. Kh4 Ra3 35. Kg5 Rg3+ 36. Kh4 Rg6 37. Kh5 Re1 38. Rh4 0-1

[Event "Oberliga Nord N 1415"]
[Site "Germany"]
[Date "2014.11.09"]
[Round "3.5"]
[White "Fischer, Martin"]
[Black "Ressler, Eckart"]
[Result "1/2-1/2"]
[WhiteElo "2175"]
[BlackElo "2199"]
[PlyCount "42"]
[EventDate "2014.09.21"]
[EventType "team-tourn"]
[EventRounds "9"]
[EventCountry "GER"]
[SourceTitle "EXT 2016"]
[Source "ChessBase"]
[SourceDate "2015.10.08"]
[SourceVersion "1"]
[SourceVersionDate "2015.10.08"]
[SourceQuality "1"]
[WhiteTeam "Eppendorf Johanneum"]
[BlackTeam "Neumuenster Agon"]
[WhiteTeamCountry "GER"]
[BlackTeamCountry "GER"]

1. e4 c6 2. Nf3 d5 3. exd5 cxd5 4. Ne5 Nc6 5. Bb5 Qc7 6. d4 e6 7. Bf4 Bd6 8. Qg4 Kf8 9. Bxc6 bxc6 10. Qg3 Qa5+ 11. Nc3 Bxe5 12. Bxe5 f6 13. Bc7 Qa6 14. 0-0-0 Kf7 15. Bd6 Nh6 16. Ba3 Re8 17. Rhe1 Kg8 18. Qh4 e5 19. dxe5 fxe5 20. Qa4 Qxa4 21. Nxa4 Bg4 1/2-1/2

[Event "BL2-Nord 1314"]
[Site "Germany"]
[Date "2014.02.23"]
[Round "7.7"]
[White "Fischer, Martin"]
[Black "Rother, Moritz"]
[Result "1-0"]
[WhiteElo "2163"]
[BlackElo "2116"]
[PlyCount "41"]
[EventDate "2013.10.13"]
[EventType "team-tourn"]
[EventRounds "9"]
[EventCountry "GER"]
[SourceTitle "EXT 2015"]
[Source "ChessBase"]
[SourceDate "2014.11.20"]
[SourceVersion "1"]
[SourceVersionDate "2014.11.20"]
[SourceQuality "1"]
[WhiteTeam "Eppendorf"]
[BlackTeam "Goettingen"]
[WhiteTeamCountry "GER"]
[BlackTeamCountry "GER"]

1. e4 c5 2. Nf3 d6 3. d4 cxd4 4. Nxd4 Nf6 5. Nc3 a6 6. Be2 e5 7. Nb3 Be7 8. Bg5 Be6 9. 0-0 Nbd7 10. Qd3 0-0 11. Nd5 Bxd5 12. exd5 b5 13. Bxf6 Bxf6 14. a4 b4 15. a5 Qc7 16. Qd2 Rfc8 17. Qxb4 Qxc2 18. Bxa6 Rd8 19. Bb7 Qxb2 20. a6 Ra7 21. Rfb1 1-0

[Event "BL2-Nord 1314"]
[Site "Germany"]
[Date "2014.01.19"]
[Round "5.8"]
[White "Nogly, Christoph"]
[Black "Fischer, Martin"]
[Result "1/2-1/2"]
[WhiteElo "2257"]
[BlackElo "2163"]
[PlyCount "93"]
[EventDate "2013.10.13"]
[EventType "team-tourn"]
[EventRounds "9"]
[EventCountry "GER"]
[SourceTitle "EXT 2015"]
[Source "ChessBase"]
[SourceDate "2014.11.20"]
[SourceVersion "1"]
[SourceVersionDate "2014.11.20"]
[SourceQuality "1"]
[WhiteTeam "Berlin SF II"]
[BlackTeam "Eppendorf"]
[WhiteTeamCountry "GER"]
[BlackTeamCountry "GER"]

1. d4 d5 2. Nf3 Nf6 3. c4 e6 4. g3 Be7 5. Bg2 0-0 6. 0-0 c5 7. cxd5 exd5 8. Nc3 Nc6 9. Bg5 c4 10. Ne5 Be6 11. e3 h6 12. Bxf6 Bxf6 13. Nxc6 bxc6 14. b3 c5 15. bxc4 dxc4 16. Ne4 Be7 17. Nxc5 Bxc5 18. dxc5 Rc8 19. Qxd8 Rfxd8 20. c6 Bd5 21. Rfd1 Bxg2 22. Rxd8+ Rxd8 23. Kxg2 Rc8 24. Kf3 Rxc6 25. Ke4 Rd6 26. f4 Rd2 27. Rc1 Rxa2 28. Rxc4 g6 29. g4 a5 30. Ke5 Kg7 31. f5 gxf5 32. gxf5 h5 33. h4 Rb2 34. Rc5 Rb3 35. e4 a4 36. Ra5 a3 37. Ra8 Rf3 38. Ra7 Rh3 39. Kd5 Rf3 40. Ke5 Rh3 41. Ra4 Rf3 42. Ra8 Rh3 43. f6+ Kg6 44. Rg8+ Kh6 45. Rh8+ Kg6 46. Rg8+ Kh6 47. Rh8+ 1/2-1/2

[Event "Oberliga Nord N 1213"]
[Site "Germany"]
[Date "2013.02.03"]
[Round "6.6"]
[White "Fischer, Martin"]
[Black "Hamann, Carsten"]
[Result "1-0"]
[WhiteElo "2150"]
[BlackElo "2174"]
[PlyCount "141"]
[EventDate "2012.10.14"]
[EventType "team-tourn"]
[EventRounds "9"]
[EventCountry "GER"]
[SourceTitle "EXT 2015"]
[Source "ChessBase"]
[SourceDate "2014.11.20"]
[SourceVersion "1"]
[SourceVersionDate "2014.11.20"]
[SourceQuality "1"]
[WhiteTeam "Eppendorf"]
[BlackTeam "Preetz"]
[WhiteTeamCountry "GER"]
[BlackTeamCountry "GER"]

1. e4 e6 2. d4 d5 3. Nc3 Bb4 4. exd5 exd5 5. Bd3 Nc6 6. a3 Bxc3+ 7. bxc3 Nce7 8. Bg5 Qd6 9. Qf3 Ng6 10. Ne2 N8e7 11. h4 h5 12. Qe3 Be6 13. Kd2 f6 14. Nf4 Nxf4 15. Bxf4 Qd7 16. Rhe1 Kf7 17. Rab1 b6 18. Bxc7 Nf5 19. Qf4 Nxh4 20. Bb5 Ng6 21. Qh2 Qe7 22. Bd6 Qb7 23. Bd3 Nf8 24. Bxf8 Rhxf8 25. Qd6 Rfe8 26. Bb5 Re7 27. Bc6 Qb8 28. Rxe6 Rxe6 29. Qxb8 Rxb8 30. Bxd5 Ke7 31. Bxe6 Kxe6 32. c4 h4 33. c5 Kd5 34. Kd3 Kc6 35. cxb6 axb6 36. c4 Rh8 37. d5+ Kc7 38. Re1 h3 39. gxh3 Rxh3+ 40. Re3 Rh2 41. Re7+ Kc8 42. Rxg7 Rxf2 43. Kc3 f5 44. Rf7 f4 45. Kb4 Rb2+ 46. Ka4 Kd8 47. Rxf4 Kc7 48. Rf3 Rc2 49. Kb4 Rc1 50. a4 Kd6 51. Rf6+ Kc7 52. Rf7+ Kd6 53. Rb7 Rb1+ 54. Kc3 Kc5 55. Rc7+ Kd6 56. Rc6+ Kd7 57. a5 b5 58. c5 Rd1 59. a6 Ra1 60. Rb6 Rc1+ 61. Kb4 Rb1+ 62. Ka5 Ra1+ 63. Kxb5 Rb1+ 64. Kc4 Rc1+ 65. Kd4 Rd1+ 66. Ke3 Ra1 67. c6+ Kd6 68. Rb7 Rxa6 69. Rd7+ Ke5 70. c7 Ra3+ 71. Kd2 1-0

[Event "BL2-Nord 0809"]
[Site "Germany"]
[Date "2009.02.01"]
[Round "6.7"]
[White "Kachibadze, Georg"]
[Black "Fischer, Martin"]
[Result "1/2-1/2"]
[WhiteElo "2155"]
[BlackElo "2150"]
[PlyCount "105"]
[EventDate "2008.10.05"]
[EventType "team-tourn"]
[EventRounds "9"]
[EventCountry "GER"]
[SourceTitle "CBM 129 Extra"]
[Source "ChessBase"]
[SourceDate "2009.05.05"]
[SourceVersion "2"]
[SourceVersionDate "2009.05.20"]
[SourceQuality "1"]
[WhiteTeam "Koenig Tegel"]
[BlackTeam "Norderstedt"]
[WhiteTeamCountry "GER"]
[BlackTeamCountry "GER"]

1. e4 c6 2. d4 d5 3. Nc3 dxe4 4. Nxe4 Nf6 5. Nxf6+ gxf6 6. c3 Bf5 7. Ne2 e6 8. Ng3 Bg6 9. h4 h5 10. Be2 Qa5 11. a4 Bd6 12. b4 Qd5 13. 0-0 Bxg3 14. fxg3 Nd7 15. Bf3 Be4 16. Bf4 Bxf3 17. gxf3 Nb6 18. Qe2 Qc4 19. Qxc4 Nxc4 20. Kf2 Ke7 21. b5 Rhc8 22. g4 cxb5 23. axb5 Nd6 24. Bxd6+ Kxd6 25. Rfc1 a5 26. bxa6 bxa6 27. Ra5 hxg4 28. fxg4 e5 29. Ke3 Rg8 30. Rg1 Rgc8 31. Rc1 Rg8 32. Kf3 Rgc8 33. Ke4 Rc4 34. Kd3 Rc6 35. Rf1 exd4 36. Rxf6+ Kc7 37. Rxf7+ Kb6 38. Ra3 dxc3 39. Rb3+ Ka5 40. Rxc3 Rd8+ 41. Kc2 Rcd6 42. Rf5+ Kb4 43. Rf4+ Kb5 44. g5 Rd2+ 45. Kb3 a5 46. Rf5+ Kb6 47. Re3 a4+ 48. Kc3 a3 49. Re6+ Kc7 50. Rf7+ Kc8 51. Rc6+ Kb8 52. Rb6+ Kc8 53. Rc6+ 1/2-1/2

[Event "SUI-ch int"]
[Site "Saas Almagell"]
[Date "2005.07.15"]
[Round "9"]
[White "Wilkins, Nino"]
[Black "Fischer, Martin"]
[Result "0-1"]
[WhiteElo "1898"]
[BlackElo "2003"]
[PlyCount "36"]
[EventDate "2005.07.07"]
[EventType "swiss"]
[EventRounds "9"]
[EventCountry "SUI"]
[SourceTitle "CBM 107 Extra"]
[Source "ChessBase"]
[SourceDate "2005.09.01"]
[SourceVersion "1"]
[SourceVersionDate "2005.09.01"]
[SourceQuality "1"]

1. e4 e5 2. Nf3 Nf6 3. Nxe5 d6 4. Nf3 Nxe4 5. d3 Nf6 6. d4 Be7 7. Bd3 Bg4 8. 0-0 0-0 9. b3 Bh5 10. Bf4 Bg6 11. c3 Nbd7 12. Qc2 Nb6 13. Re1 c5 14. Nbd2 Rc8 15. Re2 Nfd5 16. Bg3 cxd4 17. Nxd4 Nb4 18. Qd1 Nxd3 0-1

[Event "CFriend AC-2003-Q-00010 email"]
[Site "Chessfriend.com"]
[Date "2003.07.01"]
[Round "?"]
[White "Fischer, Martin"]
[Black "Kulvietis, Marijus"]
[Result "1-0"]
[WhiteElo "2180"]
[BlackElo "2138"]
[PlyCount "25"]
[EventDate "2003.07.01"]
[EventType "tourn (corr)"]
[EventRounds "10"]
[SourceTitle "Corr 2008"]
[Source "ChessBase"]
[SourceDate "2008.06.24"]
[SourceVersion "1"]
[SourceVersionDate "2008.06.24"]
[SourceQuality "1"]

1. e4 c5 2. Nf3 d6 3. d4 cxd4 4. Nxd4 Nf6 5. Nc3 g6 6. g3 Nc6 7. Nde2 Bg7 8. Bg2 0-0 9. 0-0 Bd7 10. h3 Rc8 11. a4 Nb4 12. Be3 Qa5 13. f4 1-0

[Event "CFriend AC-2003-Q-00010 email"]
[Site "Chessfriend.com"]
[Date "2003.07.01"]
[Round "?"]
[White "Fischer, Martin"]
[Black "Sveinsson, Jon Arni"]
[Result "1/2-1/2"]
[WhiteElo "2180"]
[BlackElo "1913"]
[PlyCount "67"]
[EventDate "2003.07.01"]
[EventType "tourn (corr)"]
[EventRounds "10"]
[SourceTitle "Corr 2008"]
[Source "ChessBase"]
[SourceDate "2008.06.24"]
[SourceVersion "1"]
[SourceVersionDate "2008.06.24"]
[SourceQuality "1"]

1. e4 c5 2. Nf3 d6 3. d4 cxd4 4. Nxd4 Nf6 5. Nc3 a6 6. g3 g6 7. Bg2 Bg7 8. 0-0 0-0 9. a4 Nc6 10. Nxc6 bxc6 11. e5 dxe5 12. Bxc6 Rb8 13. Qxd8 Rxd8 14. Rd1 Rd6 15. Rxd6 exd6 16. Nd5 Nxd5 17. Bxd5 Be6 18. Bxe6 fxe6 19. Rb1 d5 20. b4 e4 21. b5 axb5 22. axb5 Kf7 23. Kf1 Bd4 24. Ke2 Bb6 25. c4 Rc8 26. Rb4 e5 27. Bd2 Rxc4 28. Rxc4 dxc4 29. Be3 Bxe3 30. fxe3 Ke6 31. Kd2 Kd6 32. Kc3 Kc5 33. b6 Kxb6 34. Kxc4 1/2-1/2

[Event "CFriend AH-2003-0-00003 email"]
[Site "Chessfriend.com"]
[Date "2003.05.19"]
[Round "?"]
[White "Fischer, Martin"]
[Black "Hauschild, Achim"]
[Result "1-0"]
[WhiteElo "2180"]
[BlackElo "1600"]
[PlyCount "37"]
[EventDate "2003.??.??"]
[EventType "tourn (corr)"]
[EventRounds "6"]
[SourceTitle "Corr 2008"]
[Source "ChessBase"]
[SourceDate "2008.06.24"]
[SourceVersion "1"]
[SourceVersionDate "2008.06.24"]
[SourceQuality "1"]

1. e4 d5 2. exd5 Nf6 3. Bb5+ Nbd7 4. c4 a6 5. Ba4 b5 6. cxb5 Nxd5 7. Nc3 Bb7 8. Nf3 e6 9. bxa6 Rxa6 10. 0-0 Bd6 11. Ne4 0-0 12. Bb5 Ra5 13. a4 Ba6 14. Nxd6 cxd6 15. Bxa6 Rxa6 16. d3 Qb6 17. Ng5 h6 18. Ne4 Rfa8 19. Re1 1-0

[Event "CFriend AH-2003-0-00003 email"]
[Site "Chessfriend.com"]
[Date "2003.05.19"]
[Round "1"]
[White "Lehnhoff, Heinz Georg"]
[Black "Fischer, Martin"]
[Result "1/2-1/2"]
[WhiteElo "2069"]
[BlackElo "2180"]
[PlyCount "88"]
[EventDate "2003.??.??"]
[EventType "tourn (corr)"]
[EventRounds "6"]
[SourceTitle "Corr 2008"]
[Source "ChessBase"]
[SourceDate "2008.06.24"]
[SourceVersion "1"]
[SourceVersionDate "2008.06.24"]
[SourceQuality "1"]

1. d4 d5 2. c4 e6 3. Nc3 c5 4. cxd5 exd5 5. Nf3 Nc6 6. g3 Nf6 7. Bg2 Be7 8. 0-0 0-0 9. Bg5 cxd4 10. Nxd4 h6 11. Be3 Re8 12. Qa4 Bd7 13. Rfd1 Na5 14. Qc2 Nc4 15. Nxd5 Nxd5 16. Bxd5 Nxe3 17. fxe3 Bg5 18. e4 Qb6 19. Qb3 Qxb3 20. Nxb3 Bc6 21. Kf2 Rac8 22. Nd4 Bxd5 23. exd5 Rc4 24. Nf3 Rc2 25. Nxg5 hxg5 26. Re1 Rxb2 27. Kf3 Rd2 28. e4 Rxh2 29. a3 f6 30. Rab1 Re7 31. d6 Rd7 32. e5 fxe5 33. Rxe5 Rd2 34. Re7 R2xd6 35. Rxb7 Rxb7 36. Rxb7 Rd3+ 37. Kg4 Rxa3 38. Kh5 Kh7 39. g4 Ra6 40. Rc7 Ra1 41. Rd7 a5 42. Ra7 a4 43. Kxg5 a3 44. Ra8 a2 1/2-1/2

[Event "Bad Woerishofen op 18th"]
[Site "Bad Woerishofen"]
[Date "2002.??.??"]
[Round "1"]
[White "Fischer, Martin"]
[Black "Kengis, Edvins"]
[Result "0-1"]
[WhiteElo "2075"]
[BlackElo "2570"]
[PlyCount "50"]
[EventDate "2002.03.??"]
[EventType "swiss"]
[EventRounds "9"]
[EventCountry "GER"]
[SourceTitle "EXT 2003"]
[Source "ChessBase"]
[SourceDate "2002.11.25"]
[SourceVersion "1"]
[SourceVersionDate "2002.11.25"]
[SourceQuality "1"]

1. e4 c5 2. Nf3 e6 3. d4 cxd4 4. Nxd4 a6 5. Nc3 b5 6. a3 Bb7 7. Bd3 d6 8. f4 Nd7 9. 0-0 Ngf6 10. Kh1 Be7 11. Qf3 Qc7 12. Bd2 Nc5 13. Rae1 0-0 14. Qg3 Rad8 15. f5 e5 16. Nf3 Rfe8 17. Bh6 Bf8 18. Bg5 Ncd7 19. h3 Rc8 20. Nh2 Be7 21. Bd2 Kh8 22. Ng4 Nh5 23. Qf3 Bh4 24. Nxe5 Ng3+ 25. Kg1 Nxe5 0-1

[Event "Verbandsliga Sued Baden 9899"]
[Site "Germany"]
[Date "1999.04.18"]
[Round "9.2"]
[White "Ketterer, Christian"]
[Black "Fischer, Martin"]
[Result "0-1"]
[WhiteElo "2255"]
[BlackElo "2195"]
[PlyCount "110"]
[EventDate "1998.10.??"]
[EventType "team"]
[EventRounds "9"]
[EventCountry "GER"]
[SourceTitle "EXT 2004"]
[Source "ChessBase"]
[SourceDate "2003.11.25"]
[SourceVersion "1"]
[SourceVersionDate "2003.11.25"]
[SourceQuality "1"]
[WhiteTeam "Donaueschingen"]
[BlackTeam "Zell"]
[WhiteTeamCountry "GER"]
[BlackTeamCountry "GER"]

1. e4 c5 2. Nf3 d6 3. d4 cxd4 4. Nxd4 Nf6 5. Nc3 a6 6. a4 e5 7. Nf3 h6 8. Bc4 Be7 9. Be3 Be6 10. Bxe6 fxe6 11. a5 Nbd7 12. 0-0 0-0 13. Qd3 Qc7 14. Nd2 Qc6 15. Nc4 d5 16. exd5 exd5 17. Nb6 Nxb6 18. Bxb6 Rac8 19. Rae1 e4 20. Qd4 Bc5 21. Bxc5 Qxc5 22. Rd1 Qxa5 23. b4 Qd8 24. Nxd5 Qxd5 25. Qxd5+ Nxd5 26. Rxd5 Rxc2 27. b5 a5 28. b6 Rf6 29. Rxa5 Rxb6 30. Rf5 Rbb2 31. Re1 e3 32. Ra1 Rxf2 33. Rxf2 exf2+ 34. Kf1 Kf7 35. Ra8 h5 36. Rh8 g6 37. Rd8 b6 38. Rd6 b5 39. Rb6 b4 40. g3 b3 41. h4 Ke7 42. Kg2 Kd7 43. Rb8 Kc7 44. Rb4 Kc6 45. Rb8 Kc5 46. Rc8+ Kd4 47. Rb8 Kd3 48. Rb6 Kc4 49. Rc6+ Kb5 50. Rxg6 Rd2 51. Rg8 b2 52. Rb8+ Kc6 53. g4 hxg4 54. h5 g3 55. h6 Rd1 0-1

[Event "Verbandsliga Sued Baden 9697"]
[Site "Baden"]
[Date "1997.01.12"]
[Round "5.2"]
[White "Fischer, Martin"]
[Black "Nemet, Ivan"]
[Result "0-1"]
[WhiteElo "2180"]
[BlackElo "2415"]
[PlyCount "100"]
[EventDate "1996.10.??"]
[EventType "team"]
[EventRounds "9"]
[EventCountry "GER"]
[SourceTitle "EXT 2002"]
[Source "ChessBase"]
[SourceDate "2001.11.25"]
[SourceVersion "1"]
[SourceVersionDate "2001.11.25"]
[SourceQuality "1"]
[WhiteTeam "Zell"]
[BlackTeam "Dreilaendereck"]
[WhiteTeamCountry "GER"]
[BlackTeamCountry "GER"]

1. Nf3 Nf6 2. g3 g6 3. c4 Bg7 4. Bg2 0-0 5. 0-0 d6 6. Nc3 c6 7. d3 a6 8. Qc2 b5 9. b3 Bb7 10. Bb2 Nbd7 11. Rac1 c5 12. Qb1 Rb8 13. Qa1 e5 14. Rfd1 Re8 15. Ne1 Bxg2 16. Nxg2 h5 17. Rc2 Nf8 18. Ne4 N6h7 19. h4 Ne6 20. e3 f5 21. Nc3 Rb7 22. Nd5 g5 23. Re1 g4 24. Qc1 b4 25. Rce2 Nc7 26. Nxc7 Rxc7 27. d4 Rd7 28. Qd2 Nf6 29. Qd3 Ne4 30. d5 a5 31. Qc2 a4 32. Rb1 Ra7 33. Ree1 Qd7 34. Red1 Rd8 35. Ne1 Bf6 36. Kg2 Qh7 37. Kg1 Rf8 38. Rbc1 Raf7 39. Nd3 a3 40. Ba1 Bg7 41. Rf1 Bh6 42. Rce1 f4 43. exf4 exf4 44. Nxf4 Bxf4 45. Rxe4 Bxg3 46. Qd2 Bxh4 47. Re6 Rxf2 48. Rxf2 Rxf2 49. Re8+ Kf7 50. Re7+ Kxe7 0-1

[Event "Verbandsliga Sued Baden 9697"]
[Site "Baden"]
[Date "1996.11.24"]
[Round "3.2"]
[White "Fischer, Martin"]
[Black "Costa, Jean Luc"]
[Result "0-1"]
[WhiteElo "2180"]
[BlackElo "2395"]
[PlyCount "71"]
[EventDate "1996.10.??"]
[EventType "team"]
[EventRounds "9"]
[EventCountry "GER"]
[SourceTitle "EXT 2002"]
[Source "ChessBase"]
[SourceDate "2001.11.25"]
[SourceVersion "1"]
[SourceVersionDate "2001.11.25"]
[SourceQuality "1"]
[WhiteTeam "Zell"]
[BlackTeam "Waldkirch"]
[WhiteTeamCountry "GER"]
[BlackTeamCountry "GER"]

1. Nf3 g6 2. c4 Bg7 3. d4 f5 4. g3 Nf6 5. Bg2 0-0 6. 0-0 d6 7. Nc3 Qe8 8. Re1 Qf7 9. Ng5 Qxc4 10. Bf1 Qc6 11. e4 fxe4 12. Qb3+ d5 13. Bf4 Kh8 14. Nb5 Nh5 15. Rac1 Qf6 16. Nxc7 Nxf4 17. gxf4 Qxf4 18. Qg3 Bxd4 19. Qxf4 Rxf4 20. Nxa8 Nc6 21. Kh1 Bxf2 22. Re2 Bh4 23. Bh3 Bxg5 24. Bxc8 Rf8 25. Bxb7 Nd4 26. Rg1 Nxe2 27. Rxg5 Rf1+ 28. Kg2 Rg1+ 29. Kf2 Rxg5 30. Kxe2 Rg2+ 31. Ke3 e6 32. Nc7 Rxb2 33. Ba6 Rxa2 34. Bc8 e5 35. Bb7 Ra3+ 36. Ke2 0-1